000
00254nam a2200109Ia 4500
008
240625s9999 xx 000 0 und d
041
_a
eng
082
_a
425 SET
100
_a
SETHI J
245
_a
PRACTICAL COURSE IN ENGLISH PRONUNCIATIO
260
_c
2008
999
_c
34500
_d
34500